00673nam a2200229 a 450000100060000000300080000600500170001400800410003102000210007203500190009304000310011204100080014308200250015110000170017624500740019325000120026726000290027930000260030850400510033465000390038570000190042445735BD-RjUL20211209054048.0270716s19711931enk 001 0 eng d a0582488230 pbk.) a(BD-RjUL)45853 aBDSdBD-RjULbengcBD-RjUL aeng0 a342.42221bWAC 19711 aWade, E.C.S.10aConstitutional and administrative law /c E.C.S. Wade, A.W. Bradley,  a8th ed. aHarlow :bLongman,c1971 axxi, 767 p. ;c25 cm. aIncludes bibliographical references and index. 0aConstitutional lawzGreat Britain.1 aBradley, A. W.